|
|
|
|
| LEADER |
00000cam a2200000 a 4500 |
| 001 |
vtls001467295 |
| 003 |
SK-MaSNL |
| 005 |
20260301121830.0 |
| 008 |
220509s2002 xo a jr 0000f cze |
| 015 |
|
|
|a SNBA2002
|
| 020 |
|
|
|a 8096740768
|q (brožované)
|
| 035 |
|
|
|a SNK000422600
|
| 035 |
|
|
|a urn:nbn:sk:snk-am3j21h
|
| 035 |
|
|
|a E703C1FB-136E-49F2-A1FA-924843BE9A6C
|
| 035 |
|
|
|a urn:nbn:sk:snk-am00ghtu
|
| 040 |
|
|
|a SNK
|b slo
|c SNK
|e AACR2
|
| 041 |
1 |
|
|a cze
|h eng
|
| 044 |
|
|
|a xo
|c SK
|
| 072 |
|
7 |
|a 821.111(73)-3
|x Americká próza
|2 konspekt
|
| 072 |
|
7 |
|a 821-93
|x Literatúra pre deti a mládež (beletria)
|2 konspekt
|
| 080 |
|
|
|a 821.111(73)-31
|2 1997
|
| 080 |
|
|
|a 821.111(73)-31
|2 2011
|
| 080 |
|
|
|a 821-311.3
|2 2011
|
| 080 |
|
|
|a 82-93-053.4/.5
|2 2011
|
| 100 |
1 |
|
|a Twain, Mark,
|d 1835-1910
|4 aut
|9 122846
|
| 240 |
1 |
4 |
|a The adventures of Tom Sawyer
|l Česky
|
| 245 |
1 |
0 |
|a Dobrodružství Toma Sawyera
|c Mark Twain ; [český překlad Regina Hozáková ; ilustroval Bohdan Jelínek]
|
| 250 |
|
|
|a 1. vyd.
|
| 260 |
|
|
|a Bratislava
|b Book & Book Publisher
|c 2002
|
| 300 |
|
|
|a 271 strán
|b ilustrácie
|c 21 cm
|
| 490 |
1 |
|
|a Multilingual system
|
| 500 |
|
|
|a Hrebeňová väzba
|
| 655 |
|
7 |
|a americké romány
|2 SNKPH
|9 1174
|
| 655 |
|
7 |
|a dobrodružné romány
|2 SNKPH
|9 70486
|
| 655 |
|
7 |
|a literatúra pre deti a mládež
|2 SNKPH
|9 189378
|
| 700 |
1 |
|
|a Hozáková, Regina
|4 trl
|9 466512
|
| 700 |
1 |
|
|a Jelínek, Bohdan,
|d 1948-
|4 ill
|9 37014
|
| 830 |
|
0 |
|a Multilingual system
|9 302984
|
| 852 |
|
|
|a Slovenská národná knižnica
|
| 919 |
|
|
|a 80-967407-6-8
|
| 954 |
|
|
|a beletria cudzojazyčná (svetová)
|2 lita
|
| 958 |
|
|
|a TL
|
| 958 |
|
|
|a LX
|
| 958 |
|
|
|a UP
|
| 958 |
|
|
|a DB
|
| 958 |
|
|
|a OND
|
| 999 |
|
|
|c 730772
|d 732702
|
| 952 |
|
|
|t P60, <03>, [BOOK], {603}, -A-
|a SNK
|b SNK
|y PREZ
|7 0
|p 17A0412007
|o snkSC 114434
|i snkKSP 1341/2004
|0 0
|1 0
|4 0
|d 2004-01-30
|f 1
|l 0
|r 2025-10-03 00:00:00
|w 2026-02-23
|
| 952 |
|
|
|t P60, <04>, [BOOK], {604}
|a SNK
|b SNK
|y VYP
|7 0
|p 17A0412008
|o snkSC 114434 D1
|i snkKSP 1342/2004
|0 0
|1 0
|4 0
|d 2004-01-30
|l 0
|r 2005-01-02 00:00:00
|w 2026-02-23
|